Trump's Second Cabinet (and other appointments) - Statistics

General Stats
  • This quiz has been taken 163 times
    17 since last reset
  • The average score is 22 of 40
Answer Stats
Hint Answer % Correct
Vice President JD Vance
92%
Secretary of State Marco Rubio
92%
Attorney General Pam Bondi
92%
Secretary of Defense Pete Hegseth
92%
D.O.G.E. Executive (stepped down) Elon Musk
85%
F.B.I. Director Kash Patel
85%
White House Press Secretary Karoline Leavitt
77%
Secretary of Homeland Security Kristi Noem
77%
Attorney General (withdrawn) Matt Gaetz
77%
Secretary of Health and Human Services Robert F. Kennedy Jr.
77%
Deputy White House Chief of Staff for Policy Stephen Miller
69%
Director of National Intelligence Tulsi Gabbard
69%
Deuputy F.B.I. Director (stepped down) Dan Bongino
62%
U.N. Ambassador (withdrawn) Elise Stefanik
62%
Secretary of Education Linda McMahon
62%
Secretary of Labor Lori Chavez-DeRemer
62%
Ambassador to Israel Mike Huckabee
62%
Secretary of the Treasury Scott Bessent
62%
"Border Czar" Thomas Homan
62%
Secretary of Commerce Howard Lutnick
54%
Secretary of Transportation Sean Duffy
54%
Secretary of the Interior Doug Burgum
46%
C.I.A. Director John Ratcliffe
46%
National Security Advisor (stepped down) Mike Waltz
46%
U.N. Ambassador Mike Waltz
46%
White House Chief of Staff Susie Wiles
46%
D.O.G.E. Executive (withdrawn) Vivek Ramaswamy
46%
Secretary of Agriculture Brooke Rollins
38%
E.P.A. Administrator Lee Zeldin
38%
Medicare and Medicaid Administrator Mehmet Oz
38%
Kennedy Center for the Arts Chairman Donald Trump
31%
Secretary of Veterans Affairs Doug Collins
31%
Trade Representative Jamieson Greer
31%
Small Business Administration Administrator Kelly Loeffler
31%
F.C.C. Commissioner Brendan Carr
23%
Office of Management and Budget Director Russell Vought
23%
Secretary of Housing and Urban Development Scott Turner
23%
Secretary of Energy Chris Wright
15%
NASA Administrator Jared Isaacman
15%
F.D.A. Commissioner Martin A. Makary
15%
No matching quizzes found
Score Distribution
Percent of People with Each Score
Percentile by Number Answered
Your Score History
You have not taken this quiz since the last reset